000 00479nam a2200181Ia 4500
001 578
005 20260306140528.0
008 260306t2014||||xx |||||||||||||| ||spa||
041 _aESP
082 _a128
_bG23 2014
100 _aGarcía Cuadrado, José Ángel,
_eAUT
245 0 _aAntropología filosófica :
_buna introducción a la filosofía del hombre
260 _c2014
300 _a271 páginas :
_c24 cm.
650 _aGEN
654 _aCHU
942 _cLIB
_dJUS
_fJUS
_2ddc
_n
999 _c578
_d578